=LDR 00000nam 2200000 4500 =001 INLIS000000000037112 =005 20130612142846 =008 ***********************************Ind** =035 ##$$0010-061300000037112 =041 ##$$a Ind =082 ##$$a 745.5 =090 ##$$a 745.5, Nur k =100 ##$$a Nursaadah =245 ##$$a kreasi baru lipatan kain untuk antaran pengantin, oleh Nursaadah ; editor, Intarina Hardiman =260 ##$$a 2009 $b jakarta =300 ##$$a 48 hlm, ilus, 21 cm =650 ##$$a Kerajinan tangan =700 ##$$a Hardiman, Intarina =850 ##$$a NBPNMAT